House prices freeze (Record no. 117856)
[ view plain ]
| 000 -LEADER | |
|---|---|
| fixed length control field | 01238cam a2200205 4500 |
| 001 - CONTROL NUMBER | |
| control field | WB@3612-452 |
| 008 - FIXED-LENGTH DATA ELEMENTS--GENERAL INFORMATION | |
| fixed length control field | 040818n2004 000 0 eng u |
| 035 ## - SYSTEM CONTROL NUMBER | |
| System control number | (Sirsi) u127094 |
| 245 ## - TITLE STATEMENT | |
| Title | House prices freeze |
| 260 ## - PUBLICATION, DISTRIBUTION, ETC. | |
| Date of publication, distribution, etc. | 2004 |
| 490 ## - SERIES STATEMENT | |
| Series statement | RICS Press Release |
| Volume/sequential designation | (pr075) 17 August 2004 |
| 520 ## - SUMMARY, ETC. | |
| Summary, etc. | The latest "RICS housing market survey of Great Britain" reports that house prices have frozen for the first time in a year. In the last three months to July 2004, figures from chartered surveyor estate agents indicate price rises have slowed across most of the country. Prices are static in the Midlands and East Anglia, falling in some areas of southern England. Although there was a slight upturn in the supply of property on the market, seller activity was actually at a standstill in July. The survey can be found on the website: http://www.rics.org/ricscms/bin/show?class=MarketS urvey&template=/includes/showmarketsurvey.html&id= 97. http://www.rics.org/ricscms/bin/show?class=PressRe lease&template=/includes/showpr.html&id=1222&facul ty=RICS |
| 590 ## - LOCAL NOTE (RLIN) | |
| Local note | WB |
| 590 ## - LOCAL NOTE (RLIN) | |
| Local note | WB |
| 650 ## - SUBJECT ADDED ENTRY--TOPICAL TERM | |
| Topical term or geographic name entry element | INTEREST RATES |
| 650 ## - SUBJECT ADDED ENTRY--TOPICAL TERM | |
| Topical term or geographic name entry element | PROPERTY PRICES |
| 650 ## - SUBJECT ADDED ENTRY--TOPICAL TERM | |
| Topical term or geographic name entry element | HOUSING SURVEYS |
| 690 ## - LOCAL SUBJECT ADDED ENTRY--TOPICAL TERM (OCLC, RLIN) | |
| Topical term or geographic name as entry element | HOUSING-HOUSE PRICES |
| 942 ## - ADDED ENTRY ELEMENTS (KOHA) | |
| Suppress in OPAC | 0 |
| Withdrawn status | Lost status | Source of classification or shelving scheme | Damaged status | Not for loan | Home library | Current library | Shelving location | Date acquired | Total Checkouts | Full call number | Barcode | Date last seen | Copy number | Price effective from | Koha item type |
|---|---|---|---|---|---|---|---|---|---|---|---|---|---|---|---|
| Dewey Decimal Classification | London | London | News article | 18/08/2004 | WB4032-08 | 127094-1001 | 06/08/2019 | 1 | 06/08/2019 | News article |